Loading...
| Fine Arts - Classical Music | 4 | 2.50 | 25% | 0% | 0% |
| Fine Arts - Other Fine Arts | 1 | 10.00 | 100% | 0% | 0% |
| Fine Arts - Visual Fine Arts | 4 | 10.00 | 75% | 25% | 0% |
| History - American History | 3 | 16.67 | 100% | 67% | 0% |
| History - European History | 2 | 5.00 | 50% | 0% | 0% |
| History - Other History | 1 | 10.00 | 100% | 0% | 0% |
| History - World History | 3 | 13.33 | 67% | 33% | 33% |
| Literature - American Literature | 1 | 10.00 | 100% | 0% | 0% |
| Literature - British Literature | 2 | 5.00 | 50% | 0% | 0% |
| Literature - European Literature | 2 | 0.00 | 0% | 0% | 0% |
| Mythology | 1 | 10.00 | 100% | 0% | 0% |
| Philosophy | 4 | 7.50 | 75% | 0% | 0% |
| Pop Culture | 1 | 20.00 | 100% | 100% | 0% |
| Science - Biology | 2 | 15.00 | 100% | 50% | 0% |
| Science - Other Science | 2 | 0.00 | 0% | 0% | 0% |
| Science - Physics | 2 | 5.00 | 50% | 0% | 0% |
| Social Science | 1 | 0.00 | 0% | 0% | 0% |